000 00478nam a2200181Ia 4500
005 20250508151809.0
008 008 250505s9999 xx 000 0 eng d
037 _aTextual
040 _aFEDL
_beng
_cFEDL
041 _aeng
_2eng
084 _a428, DIC
_qFEDL
100 _aDickens Charles
245 0 _aNicholas nickleby
260 _aMadras, India
_bMacmillan and Co, Ltd.
_c1955
300 _a107p
942 _cTEXL
_h428, DIC
999 _c1332194
_d1332194